Microwave Devices & Circuits (Record no. 3930)

MARC details
000 -LEADER
fixed length control field 00388nam a2200169Ia 4500
008 - FIXED-LENGTH DATA ELEMENTS--GENERAL INFORMATION
fixed length control field 221030s9999 xx 000 0 und d
020 ## - INTERNATIONAL STANDARD BOOK NUMBER
ISBN 8120306996
041 ## - LANGUAGE CODE
Language code of text/sound track or separate title
082 ## - DEWEY DECIMAL CLASSIFICATION NUMBER
Classification number 105.23
Item number Lia
100 ## - MAIN ENTRY--AUTHOR NAME
Personal name S. Y. Liao
245 #0 - TITLE STATEMENT
Title Microwave Devices & Circuits
Statement of responsibility, etc by S. Y. Liao
250 ## - EDITION STATEMENT
Edition statement 3rd
260 ## - PUBLICATION, DISTRIBUTION, ETC. (IMPRINT)
Name of publisher PHI
Place of publication New Delhi
Year of publication 2006
300 ## - PHYSICAL DESCRIPTION
Number of Pages 542
650 ## - SUBJECT ADDED ENTRY--TOPICAL TERM
Topical Term ECE
942 ## - ADDED ENTRY ELEMENTS (KOHA)
Koha item type Books
Holdings
Accession Number Cost, normal purchase price Full call number Price effective from Koha item type Withdrawn / writtenoff status Materials specified (bound volume or other part) Damaged status Not for loan Permanent Location Current Location Shelving location Date acquired Lost/ Missing status department
BE 8242 225.00 105.23 Lia 10/30/2022 Books   Print     MIET Library, Jammu MIET Library, Jammu BL-Academic Block - A, FL-1, CUP-15, SH-3, R-3 10/19/2006   BE
BE 8243 225.00 105.23 Lia 10/30/2022 Books   Print     MIET Library, Jammu MIET Library, Jammu BL-Academic Block-a, FL-1, CUP-15, SH-3, R-3 10/19/2006   BE
BB 231 225.00 105.23 10/30/2022 Books   Print     MIET Library, Jammu MIET Library, Jammu BL-Second, FL-1, CUP-103, SH-3, R-3 05/04/2007   BB